[Event "Skolkovo WGP 2019"]
[Site "Skolkovo RUS"]
[Date "2019.09.11"]
[Round "1.4"]
[White "Gunina, Valentina"]
[Black "Kashlinskaya, Alina"]
[Result "1-0"]
[WhiteTitle "GM"]
[BlackTitle "IM"]
[WhiteElo "2502"]
[BlackElo "2487"]
[WhiteFideId "4167570"]
[BlackFideId "4198026"]
[EventDate "2019.09.11"]

1. d4 Nf6 2. c4 e6 3. Nf3 d5 4. Nc3 Bb4 5. Qa4+ Nc6 6. a3 Bxc3+ 7. bxc3 Ne4 8.
e3 Nxc3 9. Qc2 Ne4 10. Bd3 Nf6 11. O-O O-O 12. Rb1 Ne7 13. c5 c6 14. Ne5 Ng6 15.
f4 Nd7 16. Bd2 f5 17. Nxd7 Qxd7 18. a4 Kh8 19. a5 a6 20. Kh1 Qf7 21. Rg1 Ne7 22.
Be1 Ng8 23. g4 Nf6 24. g5 Ne4 25. g6 hxg6 26. Bh4 e5 27. dxe5 Be6 28. Rg2 Rac8
29. Rbg1 d4 30. Bxe4 fxe4 31. Rxg6 Bf5 32. R6g5 dxe3 33. Qb2 Rg8 34. e6 Bxe6 35.
Qe5 Rge8 36. Rxg7 1-0

[Event "Skolkovo WGP 2019"]
[Site "Skolkovo RUS"]
[Date "2019.09.14"]
[Round "4.4"]
[White "Goryachkina, Aleksandra"]
[Black "Lagno, Kateryna"]
[Result "1/2-1/2"]
[WhiteTitle "GM"]
[BlackTitle "GM"]
[WhiteElo "2564"]
[BlackElo "2545"]
[WhiteFideId "4147103"]
[BlackFideId "14109336"]
[EventDate "2019.09.11"]

1. e4 c5 2. Nf3 d6 3. Bb5+ Nd7 4. Ba4 Nf6 5. O-O g6 6. Re1 Bg7 7. c3 O-O 8. d4
e5 9. dxe5 dxe5 10. Bg5 Nb6 11. Qxd8 Rxd8 12. Bc2 h6 13. Bh4 Re8 14. Na3 Bd7 15.
Nd2 g5 16. Bg3 Rad8 17. f3 Nh5 18. Rad1 Nf4 19. Ndc4 Nxc4 20. Nxc4 Be6 21. Ne3
b5 22. a4 a6 23. Kf1 c4 24. Bxf4 exf4 25. Nd5 Bxd5 26. exd5 Rxe1+ 27. Kxe1 Bf8
28. axb5 axb5 29. Be4 Kg7 30. d6 Rxd6 31. Rxd6 Bxd6 32. Bc6 b4 33. Bd5 1/2-1/2

[Event "Skolkovo WGP 2019"]
[Site "Skolkovo RUS"]
[Date "2019.09.18"]
[Round "7.2"]
[White "Lagno, Kateryna"]
[Black "Paehtz, Elisabeth"]
[Result "1/2-1/2"]
[WhiteTitle "GM"]
[BlackTitle "IM"]
[WhiteElo "2545"]
[BlackElo "2479"]
[WhiteFideId "14109336"]
[BlackFideId "4641833"]
[EventDate "2019.09.11"]

1. e4 e6 2. d4 d5 3. Nd2 c5 4. exd5 Qxd5 5. Ngf3 cxd4 6. Bc4 Qd7 7. O-O Nc6 8.
Nb3 a6 9. a4 Nf6 10. Qe2 Bd6 11. Rd1 e5 12. Nbxd4 Nxd4 13. Rxd4 Qe7 14. Rxd6
Qxd6 15. b3 e4 16. Ba3 Qf4 17. Qe1 Be6 18. Qa5 Rd8 19. Qc5 Nd5 20. Bxd5 Qf6 21.
Bc6+ bxc6 22. Qxc6+ Rd7 23. Qa8+ Rd8 24. Qc6+ Rd7 25. Qa8+ Rd8 1/2-1/2

[Event "Skolkovo WGP 2019"]
[Site "Skolkovo RUS"]
[Date "2019.09.18"]
[Round "7.6"]
[White "Kashlinskaya, Alina"]
[Black "Kosteniuk, Alexandra"]
[Result "0-1"]
[WhiteTitle "IM"]
[BlackTitle "GM"]
[WhiteElo "2487"]
[BlackElo "2495"]
[WhiteFideId "4198026"]
[BlackFideId "4128125"]
[EventDate "2019.09.11"]

1. d4 Nf6 2. c4 e6 3. Nc3 Bb4 4. f3 c5 5. d5 O-O 6. e4 d6 7. Ne2 b5 8. Nf4 Re8
9. Be2 bxc4 10. Bxc4 Qa5 11. Bd2 Ba6 12. Bxa6 Qxa6 13. a3 Ba5 14. b4 Bb6 15. b5
Qb7 16. O-O c4+ 17. Kh1 Nbd7 18. a4 Bd4 19. Rb1 Rac8 20. a5 Nc5 21. Nfe2 Be5 22.
Bg5 Nd3 23. Bh4 Nd7 24. Qd2 N7c5 25. a6 Qa8 26. Qg5 Nb3 27. Rbd1 Rc5 28. Qg4 g6
29. f4 f5 30. Qg3 Bg7 31. Rxd3 cxd3 32. Qxd3 Rcc8 33. dxe6 Nc5 34. Qd5 Rxe6 35.
Qa2 Kh8 36. exf5 gxf5 37. Bf2 Rce8 38. Bd4 Bxd4 39. Nxd4 Re1 40. Kg1 Nd3 41. Nf3
Rxf1+ 42. Kxf1 Qc8 43. Qf7 Rf8 44. Qe7 Nxf4 45. Ng5 Qc4+ 46. Kf2 Qd4+ 47. Kf3
Qxc3+ 48. Kxf4 Qc4+ 49. Kf3 Qg8 50. Qxa7 Qxg5 51. Qd4+ Kg8 52. a7 Qh5+ 53. Kf2
Qf7 54. b6 Qa2+ 55. Kg3 f4+ 56. Kf3 Re8 57. Qxd6 Qe2+ 58. Kxf4 Re4+ 59. Kg5 Qg4+ 0-1

[Event "Skolkovo WGP 2019"]
[Site "Skolkovo RUS"]
[Date "2019.09.20"]
[Round "9.4"]
[White "Sebag, Marie"]
[Black "Stefanova, Antoaneta"]
[Result "1/2-1/2"]
[WhiteTitle "GM"]
[BlackTitle "GM"]
[WhiteElo "2450"]
[BlackElo "2491"]
[WhiteFideId "617822"]
[BlackFideId "2902257"]
[EventDate "2019.09.11"]

1. e4 e5 2. Nf3 Nc6 3. Bb5 a6 4. Ba4 Nf6 5. O-O Bc5 6. c3 O-O 7. d4 Ba7 8. dxe5
Nxe4 9. Qd5 Nc5 10. Bc2 Ne7 11. Qd1 d5 12. exd6 Qxd6 13. Qxd6 cxd6 14. Rd1 Re8
15. Be3 Nf5 16. Bxf5 Bxf5 17. Rxd6 Ne4 18. Rd5 Bxe3 19. fxe3 Bg6 20. Na3 Nf6 21.
Re5 Ng4 22. Rxe8+ Rxe8 23. h3 Nxe3 24. Re1 Kf8 25. c4 f6 26. Kf2 Nf5 27. Rd1 h5
28. c5 Bf7 29. Rd7 Rb8 30. b3 Ke8 31. Rd2 Rc8 32. Rc2 Ke7 33. b4 g5 34. g4 hxg4
35. hxg4 Nh6 36. Kg3 Be6 37. Nc4 Bxg4 38. Nd6 Rh8 39. Rh2 Bxf3 40. Kxf3 Nf7 41.
Rxh8 Nxh8 42. Nxb7 Nf7 43. a4 f5 44. b5 axb5 45. axb5 Ne5+ 46. Kg2 Nc4 47. c6
Ne3+ 48. Kf3 Nd5 49. Na5 Nb6 50. c7 Kd6 51. Nc6 Nc8 52. Nd4 Ke5 53. Nc6+ Kd6 54.
Nd4 f4 55. Kg4 Kxc7 1/2-1/2

[Event "Skolkovo WGP 2019"]
[Site "Skolkovo RUS"]
[Date "2019.09.21"]
[Round "10.4"]
[White "Paehtz, Elisabeth"]
[Black "Sebag, Marie"]
[Result "1/2-1/2"]
[WhiteTitle "IM"]
[BlackTitle "GM"]
[WhiteElo "2479"]
[BlackElo "2450"]
[WhiteFideId "4641833"]
[BlackFideId "617822"]
[EventDate "2019.09.11"]

1. e4 c5 2. Nf3 d6 3. Bb5+ Nd7 4. Ba4 Nf6 5. O-O a6 6. c4 e6 7. Nc3 Be7 8. d3
O-O 9. h3 Qc7 10. Bf4 b6 11. Qe2 Bb7 12. Bh2 Rac8 13. Nd2 Ne5 14. f4 Nc6 15. Nf3
Nd7 16. Rae1 Nd4 17. Nxd4 cxd4 18. Nb1 b5 19. cxb5 Nc5 20. Bd1 Qa5 21. Na3 axb5
22. f5 e5 23. f6 Bxf6 24. Rxf6 gxf6 25. Rf1 Kh8 26. Bg3 Rg8 27. Bh4 Nd7 28. Qf2
Rc1 29. Bxf6+ Nxf6 30. Qxf6+ Rg7 31. Nxb5 Qxb5 32. Qd8+ Rg8 1/2-1/2

[Event "Skolkovo WGP 2019"]
[Site "Skolkovo RUS"]
[Date "2019.09.22"]
[Round "11.3"]
[White "Sebag, Marie"]
[Black "Gunina, Valentina"]
[Result "1/2-1/2"]
[WhiteTitle "GM"]
[BlackTitle "GM"]
[WhiteElo "2450"]
[BlackElo "2502"]
[WhiteFideId "617822"]
[BlackFideId "4167570"]
[EventDate "2019.09.11"]

1. e4 c6 2. d4 d5 3. e5 Bf5 4. Nf3 e6 5. Be2 Nd7 6. O-O h6 7. Nbd2 Ne7 8. c3 a5
9. a4 Bh7 10. Nb3 Qc7 11. Bd2 Ng6 12. c4 dxc4 13. Bxc4 Be7 14. Rc1 O-O 15. Bd3
Qb6 16. Be3 Qd8 17. Bd2 Qb6 18. Qc2 Rfc8 19. Be3 Qc7 20. Bd2 Qd8 21. Be3 Nb6 22.
Nc5 Bxc5 23. dxc5 Nd5 24. Bd2 Qc7 25. h4 Rd8 26. h5 Nf8 27. Bxh7+ Nxh7 28. Rfe1
Qe7 29. Re4 f5 30. exf6 Nhxf6 31. Re5 Nd7 32. Re2 Rf8 33. Qc4 Rf5 34. Qg4 Qf7
35. Qg6 N5f6 36. Nd4 Rxh5 37. Qxf7+ Kxf7 38. Nxe6 Re8 39. Rce1 Nxc5 40. Nxc5
Rxe2 41. Rxe2 Rxc5 42. b4 Rc4 43. bxa5 Rxa4 44. Be1 Ne4 45. Rb2 Nc5 46. Bd2 Ra1+
47. Kh2 Ra3 48. Rb4 Rb3 49. Rc4 Nd3 50. a6 bxa6 51. Rxc6 Nxf2 52. Bc3 Ng4+ 53.
Kh3 Nf6 54. g3 Ra3 55. Rc7+ Kg6 56. Bb4 Ra2 57. Bf8 Nh5 58. Bd6 Rf2 59. Ra7 Ra2
60. g4 Nf6 61. Bf8 Ne4 62. Rxg7+ Kf6 63. Rb7 Kg5 64. Rg7+ Kf6 65. Rb7 Ng5+ 66.
Kg3 Ne4+ 67. Kh3 Ra4 68. Rb6+ Ke5 69. Bxh6 Nf2+ 70. Kg3 Nxg4 71. Bd2 Kf5 72. Kf3
Ne5+ 73. Ke2 Ra2 74. Rb4 a5 75. Rf4+ Ke6 76. Kd1 Kd5 77. Bxa5 Rxa5 78. Kd2 Ra3
79. Rf8 Ke4 80. Re8 Rh3 81. Kc2 Kd4 82. Rd8+ Kc5 83. Rc8+ Nc6 84. Kd2 Kd5 85.
Rg8 Kc4 86. Rc8 Rh6 87. Ke3 Re6+ 88. Kd2 Rh6 89. Ke3 Kd5 90. Rg8 Rh3+ 91. Kd2
Ra3 92. Rh8 Ne5 93. Rd8+ Ke4 94. Re8 Rd3+ 95. Ke2 Rd7 96. Ra8 Nc4 97. Re8+ Kd4
98. Ra8 Re7+ 99. Kf2 Nb2 100. Rd8+ Kc3 101. Kf3 Nd3 102. Rc8+ Kd2 103. Rd8 Re5
104. Ra8 Re3+ 105. Kg4 Re4+ 106. Kf5 Ke3 107. Ra3 Re5+ 108. Kf6 Rb5 109. Ke6 Ke4
110. Ra4+ Nb4 111. Ra1 Rb6+ 112. Kf7 Nd3 113. Ke7 Rh6 114. Ra4+ Kf5 115. Ra1
Re6+ 116. Kd7 Ne5+ 117. Kc7 Rc6+ 118. Kb7 Rc2 119. Re1 Ke6 120. Kb6 Rc3 121. Rh1
Kd6 122. Rh6+ Kd5 123. Rh5 Rc1 124. Kb7 Kd6 125. Rh6+ Ke7 126. Rh7+ Nf7 127. Kb6
Ke6 128. Rh2 Nd8 129. Re2+ 1/2-1/2

[Event "Skolkovo WGP 2019"]
[Site "Skolkovo RUS"]
[Date "2019.09.22"]
[Round "11.4"]
[White "Kashlinskaya, Alina"]
[Black "Paehtz, Elisabeth"]
[Result "0-1"]
[WhiteTitle "IM"]
[BlackTitle "IM"]
[WhiteElo "2487"]
[BlackElo "2479"]
[WhiteFideId "4198026"]
[BlackFideId "4641833"]
[EventDate "2019.09.11"]

1. d4 e6 2. c4 Bb4+ 3. Bd2 a5 4. e4 d5 5. a3 Bxd2+ 6. Nxd2 Ne7 7. Ngf3 Nbc6 8.
exd5 exd5 9. c5 O-O 10. Bb5 Nf5 11. Bxc6 bxc6 12. O-O Qf6 13. Nb1 Re8 14. Re1
Ba6 15. Rxe8+ Rxe8 16. Nc3 g5 17. Qa4 Bc4 18. Ne5 Nxd4 19. Nxc4 dxc4 20. Qxc4
Qf4 21. Qd3 Nb3 22. Qd7 Qe5 23. Rf1 Re6 24. Qd8+ Kg7 25. h3 Nxc5 26. Nd1 Ne4 27.
Re1 Qd6 28. Qb8 Nxf2 29. Rxe6 Nxh3+ 30. gxh3 Qxd1+ 31. Kf2 fxe6 32. Qxc7+ Kg6
33. Qxc6 Qd4+ 34. Ke1 Qe5+ 35. Kf1 Qf5+ 36. Ke2 Qe5+ 37. Kd3 Qf5+ 38. Ke2 Qe5+
39. Kd3 Qxb2 40. Qe8+ Kg7 41. Qe7+ Kg6 42. Qe8+ Kf5 43. Qf7+ Qf6 44. Qxh7+ Qg6
45. Qc7 Kf6+ 46. Kd2 Qf5 47. Qd8+ Kf7 48. Qc7+ Kg6 49. Qc3 Qf4+ 50. Ke2 a4 51.
Qh8 Qe4+ 52. Kd2 Qd5+ 53. Ke3 Qc5+ 54. Ke4 Qc2+ 55. Kf3 Qd1+ 56. Kg3 Qg1+ 57.
Kf3 Qf1+ 58. Kg3 Qf4+ 59. Kg2 Qe4+ 60. Kg3 Qe3+ 61. Kg2 Qxa3 62. Qg8+ Kf6 63.
Qh8+ Ke7 64. Qg7+ Ke8 65. Qxg5 Qb2+ 66. Kf3 Qc3+ 67. Kg2 a3 68. Qb5+ Ke7 69.
Qb7+ Kf6 70. Qa8 Qd2+ 71. Kg3 a2 72. Qf8+ Ke5 73. Qc5+ Ke4 74. Qc4+ Kf5 75. Qg4+
Kf6 76. Qf3+ Ke7 77. Qb7+ Qd7 78. Qb2 Qd3+ 79. Kh2 Qd6+ 80. Kg2 Qd5+ 81. Kh2 e5
82. h4 e4 83. Qg7+ Ke8 84. Qh8+ Kd7 85. Qg7+ Kc6 86. Qc3+ Qc5 87. Qb2 Qd6+ 88.
Kg2 e3 89. Qc2+ Kd7 90. Qh7+ Qe7 91. Qd3+ Ke8 92. Qb5+ Kf8 93. Qb8+ Kf7 94. Qa8
Qe6 95. Qf3+ Kg7 96. Qb7+ Kh6 97. Qb2 Qg4+ 98. Kh2 Qf4+ 99. Kh3 Qf3+ 100. Kh2
Qf2+ 0-1

[Event "Skolkovo WGP 2019"]
[Site "Skolkovo RUS"]
[Date "2019.09.22"]
[Round "11.6"]
[White "Goryachkina, Aleksandra"]
[Black "Cramling, Pia"]
[Result "1-0"]
[WhiteTitle "GM"]
[BlackTitle "GM"]
[WhiteElo "2564"]
[BlackElo "2487"]
[WhiteFideId "4147103"]
[BlackFideId "1700030"]
[EventDate "2019.09.11"]

1. d4 Nf6 2. c4 e6 3. Nf3 Bb4+ 4. Bd2 a5 5. g3 O-O 6. Bg2 d5 7. O-O c6 8. Qb3
Be7 9. Rc1 Nbd7 10. a4 Ne4 11. Be1 f5 12. Nc3 Bf6 13. e3 Kh8 14. Qc2 Qe7 15. Ne2
g5 16. Rab1 Nd6 17. b3 Bg7 18. Bc3 Ne4 19. Bb2 Nb8 20. Ne5 Na6 21. f3 Nb4 22.
Qd1 Nd6 23. Ba3 dxc4 24. bxc4 c5 25. Nd3 b6 26. dxc5 bxc5 27. Nxc5 Rd8 28. Nd3
Nxc4 29. Rxc4 Ba6 30. Bxb4 axb4 31. Qb3 Bxc4 32. Qxc4 Rxa4 33. Kf2 Qd6 34. Rxb4
Ra3 35. Ndc1 Raa8 36. Rb3 Rac8 37. Qb5 Rb8 38. Qd3 Qxd3 39. Rxd3 Rdc8 40. Nb3
Kg8 41. Nbd4 Kf7 42. Rd2 Rb6 43. Ra2 Rc7 44. f4 g4 45. Ra5 Bf6 46. Ra2 Bg7 47.
Bf1 Bf6 48. Nc2 Rb2 49. Rxb2 Bxb2 50. Ned4 Bxd4 51. Nxd4 Kf6 52. h3 h5 53. h4
Rc3 54. Bb5 Ke7 55. Ke2 Rc1 56. Ba4 Rg1 57. Kf2 Rb1 58. Bb3 Rb2+ 59. Kf1 Rb1+
60. Ke2 Rb2+ 61. Kd3 Rg2 62. Bxe6 Kf6 63. Bc8 Rxg3 64. Nxf5 Rh3 65. Ke4 Rh2 66.
Bd7 Kf7 67. Ke5 Rh3 68. Be6+ Kf8 69. Ke4 Rh1 70. Kd3 Rh2 71. Bd5 Ke8 72. Ng7+
Ke7 73. Nxh5 Rxh4 74. Ng3 Rh3 75. Nf1 Kf6 76. Bg2 Rh7 77. Ke2 Ra7 78. Kf2 Kg6
79. Kg3 Kh5 80. Nh2 1-0